[Event "Swiss System, Round 2"]
[Site "SchemingMind.com"]
[Date "2012.09.15"]
[Round "2"]
[White "AussieMossie"]
[Black "NYNH"]
[Result "1-0"]
[WhiteCountry "AUS"]
[BlackCountry "USA"]
[WhiteElo "2331"]
[WhiteRD "106"]
[BlackElo "2034"]
[BlackRD "68"]
[GameID "317766"]

1. e4 e6 2. d4 d5 3. Nc3 Nf6 4. Bg5 Be7 5. e5 Nfd7 6. Bxe7 Qxe7 7. f4 a6 8. Qg4 f5 9. Qh5+ g6 10. Qh6 c5
11. Nf3 Nc6 12. O-O-O cxd4 13. Nxd4 Nc5 14. Nxc6 bxc6 15. h4 Qf8 16. Qg5 Qe7 17. Qg3 a5 18. h5 Rg8 19. hxg6 hxg6 20. Rh6 g5
21. Rh5 g4 22. Qh2 Bd7 23. Rh7 Qf8 24. Be2 O-O-O 25. Qg1 Kb8 26. Qd4 Kb7 27. a3 Ne4 28. Na4 c5 29. Qd3 Rg7 30. Qa6+ Kb8
31. Qb6+ Ka8 32. Rxg7 Qxg7 33. Qxa5+ Kb8 34. Qb6+ Ka8 35. Qxd8+
1-0

[Event "Swiss System, Round 2"]
[Site "SchemingMind.com"]
[Date "2012.09.20"]
[Round "2"]
[White "Clem"]
[Black "Clive Everill"]
[Result "0-1"]
[WhiteCountry "USA"]
[BlackCountry "CZE"]
[WhiteElo "1471"]
[WhiteRD "74"]
[BlackElo "1760"]
[BlackRD "50"]
[GameID "317767"]

1. e4 c5 2. Nf3 Nc6 3. c3 d5 4. e5 Bg4 5. Be2 Bxf3 6. Bxf3 Nxe5 7. O-O Nf6 8. d4 cxd4 9. cxd4 Nxf3+ 10. Qxf3 e6
11. a3 Be7 12. b4 Ne4 13. Nd2 Ng5 14. Qg3 O-O 15. Nf3 Ne4 16. Qf4 Nc3 17. Qe3 Ne4 18. Nd2 Nxd2 19. Bxd2 Rc8 20. Rac1 Qd7
21. Qd3 Bd6 22. b5 e5 23. a4 e4 24. Qb3 Qe6 25. g3 f5 26. f4 exf3 27. Qxf3 Rxc1 28. Bxc1 g6 29. Bd2 Rc8 30. Re1 Qf7
31. Re5 Bxe5 32. dxe5 Rc4 33. a5 Re4 34. Qc3 Qd7 35. b6 axb6 36. axb6 Rc4 37. Qb3 Qc6 38. Qa3 Qxb6+ 39. Kg2 Rc2
0-1

[Event "Swiss System, Round 2"]
[Site "SchemingMind.com"]
[Date "2012.09.24"]
[Round "2"]
[White "kynoceros"]
[Black "Michael Christensen"]
[Result "0-1"]
[WhiteCountry "USA"]
[BlackCountry "GER"]
[WhiteElo "1363"]
[WhiteRD "91"]
[BlackElo "1731"]
[BlackRD "112"]
[GameID "317963"]

1. e4 b6 2. d4 Bb7 3. Nc3 g6 4. Nf3 Bg7 5. Bc4 e6 6. O-O Ne7 7. Bf4 O-O 8. Re1 d6 9. e5 dxe5 10. dxe5 Nbc6
11. Qe2 Nf5 12. Rad1 Qe7 13. a3 Rad8 14. Bg5 f6 15. exf6 Bxf6 16. Bf4 Rxd1 17. Rxd1 Ng7 18. Bh6 Re8 19. Rd3 Nf5 20. Bf4 Kh8
21. b4 e5 22. Bxe5 Nxe5 23. Nxe5 Qxe5 24. Qg4 Qe1#
0-1

[Event "Swiss System, Round 2"]
[Site "SchemingMind.com"]
[Date "2012.09.23"]
[Round "2"]
[White "lawyertheologian"]
[Black "sibelius"]
[Result "0-1"]
[WhiteCountry "USA"]
[BlackCountry "USA"]
[WhiteElo "2033"]
[WhiteRD "84"]
[BlackElo "2303"]
[BlackRD "80"]
[GameID "318147"]

1. e4 c5 2. Nf3 g6 3. c3 Bg7 4. d4 cxd4 5. Bc4 e6 6. O-O Ne7 7. Re1 O-O 8. Bg5 h6 9. Bxe7 Qxe7 10. cxd4 Nc6
11. a3 Nxd4 12. Nxd4 Qc5 13. Nb3 Qxc4 14. N1d2 Qb5 15. a4 Qb4 16. e5 d5 17. exd6 Bd7 18. a5 Rfd8 19. Rc1 Qxd6 20. Nc4 Qb4
21. Qf3 Rac8 22. Nbd2 Bb5 23. Qxb7 Rb8 24. Qxa7 Bd4 25. Qc7 Rbc8 26. Qb7 Bxf2+ 27. Kxf2 Rxd2+ 28. Ke3 Rcd8 29. Rc3 Qc5+
0-1

[Event "Swiss System, Round 2"]
[Site "SchemingMind.com"]
[Date "2012.09.27"]
[Round "2"]
[White "Robert Pallett"]
[Black "thefriediceman"]
[Result "1-0"]
[WhiteCountry "ENG"]
[BlackCountry "USA"]
[WhiteElo "2273"]
[WhiteRD "112"]
[BlackElo "1950"]
[BlackRD "88"]
[GameID "318148"]

1. e4 e5 2. Nf3 Nc6 3. Bc4 Bc5 4. c3 Nf6 5. d3 a6 6. O-O O-O 7. Bb3 d6 8. Nbd2 Ba7 9. h3 h6 10. Re1 Nh5
11. Nf1 Qf6 12. Be3 Nf4 13. Kh2 Be6 14. d4 Bxb3 15. axb3 Ne7 16. d5 Rfd8 17. Bxa7 Rxa7 18. g3 Nfg6 19. Ne3 Nc8 20. Ng4 Qe7
21. b4 Qd7 22. Ne3 Nce7 23. h4 f5 24. exf5 Nxf5 25. Ng2 Raa8 26. c4 Nf8 27. g4 Ne7 28. g5 Nh7 29. gxh6 gxh6 30. Rg1 Kh8
31. Nd4 Nf8 32. Ne3 Ng8 33. Ndf5 Qf7 34. Rg7 Qf6 35. Qh5 Rd7 36. Rxg8+
1-0

[Event "Swiss System, Round 2"]
[Site "SchemingMind.com"]
[Date "2012.09.24"]
[Round "2"]
[White "Till Plewe"]
[Black "vetran"]
[Result "1-0"]
[WhiteCountry "JPN"]
[BlackCountry "NED"]
[WhiteElo "2349"]
[WhiteRD "73"]
[BlackElo "1957"]
[BlackRD "80"]
[GameID "318196"]

1. e4 e5 2. Nf3 Nc6 3. Bb5 Nge7 4. O-O d6 5. d4 exd4 6. Nxd4 Bd7 7. Nc3 Nxd4 8. Qxd4 Bxb5 9. Nxb5 Nc6 10. Qc3 a6
11. Nd4 Nxd4 12. Qxd4 Qd7 13. Re1 Qe6 14. a4 f6 15. Ra3 Be7 16. Rb3 b6 17. Qc3 Rc8 18. Qc6+ Qd7 19. Qc4 a5 20. Rg3
1-0

[Event "Swiss System, Round 2"]
[Site "SchemingMind.com"]
[Date "2012.09.25"]
[Round "2"]
[White "Roger Martindale"]
[Black "Archon"]
[Result "1/2-1/2"]
[WhiteCountry "USA"]
[BlackCountry "CAN"]
[WhiteElo "1426"]
[WhiteRD "102"]
[BlackElo "1595"]
[BlackRD "56"]
[GameID "318197"]

1. e4 g6 2. d4 Bg7 3. Nf3 d6 4. h3 e6 5. c4 Ne7 6. Nc3 b6 7. Bd3 Bb7 8. a3 a5 9. Be3 Nd7 10. a4 O-O
11. b3 h6 12. O-O Nf6 13. g4 Nd7 14. Kg2 f5 15. exf5 exf5 16. g5 h5 17. Rb1 f4 18. Bd2 Nf5 19. Nd5 Nxd4 20. h4 Nxf3
21. Kxf3 c6 22. Nxf4 Rxf4+ 23. Bxf4 Ne5+ 24. Bxe5 Bxe5 25. Be4 Qf8+ 26. Ke3 Qf4+ 27. Kd3 d5 28. f3 dxe4+ 29. fxe4 Qg3+ 30. Qf3 Qxf3+
31. Rxf3 Rf8 32. Rxf8+ Kxf8 33. Rc1 c5 34. Rf1+ Ke7 35. Rf3 Bc8 36. Rf1 Bg4 37. Ke3 Bd4+ 38. Kd3 Bh3 39. Re1 Be5=
1/2-1/2

[Event "Swiss System, Round 2"]
[Site "SchemingMind.com"]
[Date "2012.09.26"]
[Round "2"]
[White "e_castle3"]
[Black "SwirlingEddie"]
[Result "0-1"]
[WhiteCountry "PHI"]
[BlackCountry "USA"]
[WhiteElo "1833"]
[WhiteRD "63"]
[BlackElo "2224"]
[BlackRD "100"]
[GameID "318198"]

1. e4 Nf6 2. Nc3 d5 3. exd5 Nxd5 4. Nxd5 Qxd5 5. Nf3 Nc6 6. b3 Bg4 7. Be2 Bxf3 8. gxf3 O-O-O 9. Bb2 e6 10. Bc4 Qf5
11. Bd3 Rxd3 12. cxd3 Nb4 13. O-O Nxd3 14. Bc3 Bd6 15. Kg2 Qg5+
0-1

[Event "Swiss System, Round 2"]
[Site "SchemingMind.com"]
[Date "2012.09.24"]
[Round "2"]
[White "samprabhur"]
[Black "Aadsje"]
[Result "1-0"]
[WhiteCountry "USA"]
[BlackCountry "NED"]
[WhiteElo "2027"]
[WhiteRD "135"]
[BlackElo "2197"]
[BlackRD "62"]
[GameID "318199"]

1. e4 c5 2. Nf3 e6 3. d4 cxd4 4. Nxd4 Nf6 5. Nc3 d6 6. Be2 a6 7. O-O Be7 8. f4 Qc7 9. Be3 Nbd7 10. f5 e5
11. Nb3 b5 12. g4
1-0

[Event "Swiss System, Round 2"]
[Site "SchemingMind.com"]
[Date "2012.10.01"]
[Round "2"]
[White "Munny"]
[Black "ArtistDude"]
[Result "1-0"]
[WhiteCountry "GER"]
[BlackCountry "USA"]
[WhiteElo "2258"]
[WhiteRD "81"]
[BlackElo "1864"]
[BlackRD "88"]
[GameID "318306"]

1. e4 d6 2. d4 Nf6 3. Nc3 g6 4. f4 Bg7 5. Nf3 O-O 6. Bd3 Na6 7. O-O c5 8. d5 Rb8 9. f5 Nc7 10. a4 a6
11. a5 Nb5 12. fxg6 fxg6 13. Nxb5 axb5 14. Bxb5 Nxe4 15. Qe1 Nf6 16. Ng5 Kh8 17. Qh4 Kg8 18. Rxf6 Rxf6 19. Qxh7+ Kf8 20. Bd2 e5
21. dxe6 Bxe6 22. Nxe6+ Rxe6 23. Bh6 Qe7 24. Qh8+
1-0

[Event "Swiss System, Round 2"]
[Site "SchemingMind.com"]
[Date "2012.09.30"]
[Round "2"]
[White "Uzi Mike"]
[Black "Diadoco"]
[Result "1-0"]
[WhiteCountry "USA"]
[BlackCountry "MEX"]
[WhiteElo "2401"]
[WhiteRD "83"]
[BlackElo "2005"]
[BlackRD "108"]
[GameID "318505"]

1. Nf3 Nf6 2. d4 d5 3. c4 c6 4. Qc2 g6 5. Bf4 Bg7 6. e3 O-O 7. Nc3 Na6 8. a3 c5 9. Rd1 e6 10. Be2 b6
11. Nb5 Bb7 12. O-O Ne4 13. dxc5 bxc5 14. cxd5 Bxd5 15. Nd2 Nxd2 16. Rxd2 Qb6 17. e4 Bc6 18. Nd6 e5 19. Be3 Rfd8 20. Qc4 Nc7
21. Nxf7 Rxd2 22. Nh6+ Kh8 23. Qg8+
1-0

[Event "Swiss System, Round 2"]
[Site "SchemingMind.com"]
[Date "2012.10.10"]
[Round "2"]
[White "BehemothTheCat"]
[Black "Jari Laine"]
[Result "0-1"]
[WhiteCountry "USA"]
[BlackCountry "FIN"]
[WhiteElo "2021"]
[WhiteRD "104"]
[BlackElo "2355"]
[BlackRD "68"]
[GameID "318905"]

1. d4 e6 2. e4 d5 3. Nc3 Bb4 4. e5 c5 5. a3 Bxc3+ 6. bxc3 Ne7 7. Qg4 Qc7 8. Qxg7 Rg8 9. Qxh7 cxd4 10. Kd1 Nbc6
11. Nf3 dxc3 12. Bf4 Qb6 13. Bd3 Qxf2 14. Rf1 Qxg2 15. Bg3 Bd7 16. Rf2 Rxg3 17. Rxg2 Rxg2 18. Rb1 O-O-O 19. Qxf7 Rgg8 20. Qf4 Rdf8
21. Qe3 d4
0-1

[Event "Swiss System, Round 2"]
[Site "SchemingMind.com"]
[Date "2012.10.06"]
[Round "2"]
[White "Greg Magne"]
[Black "Haratta"]
[Result "1-0"]
[WhiteCountry "CAN"]
[BlackCountry "SWE"]
[WhiteElo "1846"]
[WhiteRD "86"]
[BlackElo "1604"]
[BlackRD "82"]
[GameID "318906"]

1. e4 c6 2. d4 d5 3. exd5 cxd5 4. c4 e6 5. Nc3 Nf6 6. Nf3 dxc4 7. Bxc4 Be7 8. O-O Nc6 9. Be3 O-O 10. Qe2 b6
11. Rfd1 Na5 12. Bd3 Bb7 13. Rac1 Nc6 14. Ne4 Ng4 15. h3 Nxe3 16. fxe3 Nb4 17. Bb1 Nxa2 18. Bxa2 Bxe4 19. Nd2 Bd5 20. Bb1 Rc8
21. Qd3 g6 22. e4 Rxc1 23. Rxc1 Bb7 24. Nf3 f6 25. e5 f5 26. Kh2 Qd5 27. Rc7 Bg5 28. Rxb7 Qxb7 29. Nxg5 Re8 30. Ba2 Qe7
31. Nxe6 Kh8 32. d5 Rc8 33. d6
1-0

[Event "Swiss System, Round 2"]
[Site "SchemingMind.com"]
[Date "2012.10.06"]
[Round "2"]
[White "Erik Johnson"]
[Black "ampp"]
[Result "1-0"]
[WhiteCountry "USA"]
[BlackCountry "POR"]
[WhiteElo "1657"]
[WhiteRD "72"]
[BlackElo "1265"]
[BlackRD "88"]
[GameID "318907"]

1. e4 c5 2. Nf3 d6 3. d4 cxd4 4. Nxd4 e5 5. Bb5+ Bd7 6. Bxd7+ Nxd7 7. Nf5 Nc5 8. Nc3 Nf6 9. Bg5 h6 10. Bxf6 Qxf6
11. Qe2 g6 12. Qb5+ Nd7 13. Nd5 Qg5 14. Nc7+
1-0

[Event "Swiss System, Round 2"]
[Site "SchemingMind.com"]
[Date "2012.10.13"]
[Round "2"]
[White "Will Grummitt"]
[Black "Ilang"]
[Result "1-0"]
[WhiteCountry "ENG"]
[BlackCountry "HUN"]
[WhiteElo "2141"]
[WhiteRD "87"]
[BlackElo "2371"]
[BlackRD "73"]
[GameID "319179"]

1. e4 c6 2. d4 d5 3. Nc3 dxe4 4. Nxe4 Bf5 5. Ng3 Bg6 6. h4 h6 7. h5 Bh7 8. Nf3 Nd7 9. Bd3 Bxd3 10. Qxd3 Qc7
11. Bd2 Ngf6 12. O-O-O e6 13. Kb1 Be7 14. Ne4 O-O-O 15. g3 c5 16. Bf4 Qc6 17. Nxf6 Bxf6 18. c3 Nb6 19. Qe2 Nd5 20. Be5 Rhe8
21. dxc5 Bxe5 22. Nxe5 Qxc5 23. Rd4 Kb8 24. Rhd1 Qc7 25. f4 f6 26. Nf3 Qb6 27. Qd2 Rc8 28. Ka1 Qc5 29. g4 Qc7 30. c4 Nb6
31. b3 e5 32. fxe5 fxe5 33. Rd6 Qe7 34. Re1 e4 35. Qf4 Ka8 36. Nd4 Qh4 37. Nc2 Nxc4 38. bxc4 Rxc4 39. Re2 Qh3 40. Qd2 Rec8
41. Ne3 Rc1+ 42. Kb2 Qf3 43. Rd8 a6 44. Rf2 Qg3 45. Rf5 Kb8 46. Rxc8+ Rxc8 47. Qf2 Qd6 48. Qf4 Rc6 49. Qxd6+ Rxd6 50. Rd5 Kc7
51. Kc3 Re6 52. Kd4 g6 53. Re5 Kd7 54. Rxe6 Kxe6 55. Kxe4 gxh5 56. gxh5 Kf6 57. Kf4 b5 58. Nd5+ Kf7 59. Ke5 a5 60. a3 Kg7
61. Ke6 Kh8 62. Kf6 Kh7 63. Kf7 Kh8 64. Kg6 Kg8 65. Kxh6 Kf7 66. Kg5 Kg8 67. Kg6 Kh8 68. h6
1-0

[Event "Swiss System, Round 2"]
[Site "SchemingMind.com"]
[Date "2012.10.15"]
[Round "2"]
[White "Lanaroon"]
[Black "Mel-o-rama"]
[Result "0-1"]
[WhiteCountry "ENG"]
[BlackCountry "USA"]
[WhiteElo "1546"]
[WhiteRD "82"]
[BlackElo "1946"]
[BlackRD "97"]
[GameID "319223"]

1. e4 e5 2. Nf3 Nc6 3. Bc4 Be7 4. d4 d6 5. O-O Nf6 6. Nc3 Bg4 7. Be2 Bxf3 8. Bxf3 Nxd4 9. Nd5 c6 10. Nxf6+ Bxf6
11. c3 Nxf3+ 12. Qxf3 Qe7 13. h4 Bxh4 14. g3 Bg5 15. b4 Bxc1 16. Raxc1 O-O 17. a4 a5 18. b5 cxb5 19. axb5 b6 20. c4 Qe6
21. Kg2 Rfc8 22. Qd3 a4 23. Qd5 Qxd5 24. cxd5 Rxc1 25. Rxc1 a3 26. Ra1 g6 27. f4 f6 28. fxe5 fxe5 29. Kf3 Kf7 30. Kg4 h6
31. Kh4 Ra4 32. g4 Rxe4 33. Rxa3 Rb4 34. Ra6 Rxb5 35. Ra7+ Kf6 36. Rh7 Rxd5 37. Rxh6 e4
0-1

[Event "Swiss System, Round 2"]
[Site "SchemingMind.com"]
[Date "2012.10.14"]
[Round "2"]
[White "OneNightInBangkok"]
[Black "Wolli"]
[Result "0-1"]
[WhiteCountry "USA"]
[BlackCountry "GER"]
[WhiteElo "1532"]
[WhiteRD "85"]
[BlackElo "1793"]
[BlackRD "116"]
[GameID "319224"]

1. e4 d6 2. d4 Nf6 3. Nc3 g6 4. Bf4 Nc6 5. Qd2 a6 6. Bh6 Bxh6 7. Qxh6 e5 8. Qg7 Rg8 9. Qh6 Nxd4 10. Bd3 Bd7
11. Nge2 Nxe2 12. Nxe2 Qe7 13. O-O-O O-O-O 14. Qe3 Kb8 15. Nc3 Ng4 16. Qe2 f5 17. Nd5 Qf7 18. Qf3 Rdf8 19. h3 fxe4 20. Qxf7 Rxf7
21. Be2 Nxf2 22. Rhf1 Rgf8 23. Rde1 Be6 24. Bc4 b5 25. Bb3 Nd3+ 26. cxd3 Rxf1 27. Rxf1 Rxf1+ 28. Kd2 Rf2+ 29. Ke3 Rxg2 30. Kxe4 Rxb2
31. Nb4 Bxb3 32. axb3 Rxb3
0-1

[Event "Swiss System, Round 2"]
[Site "SchemingMind.com"]
[Date "2012.10.22"]
[Round "2"]
[White "Coretismo"]
[Black "eraymond"]
[Result "0-1"]
[WhiteCountry "ENG"]
[BlackCountry "CAN"]
[WhiteElo "2047"]
[WhiteRD "80"]
[BlackElo "2413"]
[BlackRD "88"]
[GameID "319411"]

1. e4 e5 2. Nf3 Nc6 3. Bb5 a6 4. Ba4 Nf6 5. O-O b5 6. Bb3 d6 7. c3 Be7 8. d4 O-O 9. h3 h6 10. Re1 Re8
11. Nbd2 Bb7 12. Nf1 Qd7 13. Ng3 Bf8 14. d5 Na5 15. Bc2 c6 16. dxc6 Bxc6 17. a4 g6 18. axb5 axb5 19. b3 Nb7 20. Be3 Nc5
21. Rxa8 Bxa8 22. Qb1 Rc8 23. Nd2 d5 24. exd5 Nxd5 25. c4 Nxe3 26. Rxe3 Qxd2 27. b4 Ne6 28. Rxe5 Rxc4 29. Re2 Qd7
0-1

[Event "Swiss System, Round 2"]
[Site "SchemingMind.com"]
[Date "2012.10.20"]
[Round "2"]
[White "flammablepawn"]
[Black "rookie31"]
[Result "0-1"]
[WhiteCountry "USA"]
[BlackCountry "IND"]
[WhiteElo "1896"]
[WhiteRD "92"]
[BlackElo "2206"]
[BlackRD "57"]
[GameID "319452"]

1. b4 e5 2. Bb2 d6 3. e4 Nf6 4. d3 d5 5. b5 dxe4 6. Bxe5 Ng4 7. Bg3 e3 8. fxe3 Nxe3 9. Qe2 Bc5 10. Bf2 O-O
0-1

[Event "Swiss System, Round 2"]
[Site "SchemingMind.com"]
[Date "2012.10.20"]
[Round "2"]
[White "David Carter"]
[Black "Ronald R. Nurmi"]
[Result "1-0"]
[WhiteCountry "USA"]
[BlackCountry "USA"]
[WhiteElo "2139"]
[WhiteRD "103"]
[BlackElo "1903"]
[BlackRD "80"]
[GameID "319453"]

1. d4 d5 2. c4 c6 3. Nc3 dxc4 4. e3 b5 5. a4 Qb6 6. axb5 cxb5 7. b3 e6 8. bxc4 Bb4 9. Bd2 Bxc3 10. Bxc3 bxc4
11. Rb1 Qc7 12. Qf3 Nc6 13. Bxc4 Nge7 14. Ne2 O-O 15. O-O Bd7 16. Rfc1 Rfb8 17. e4 Rxb1 18. Rxb1 Rb8 19. Rxb8+ Qxb8 20. Qd3 Nb4
21. Qd2 a5 22. h4 Nec6 23. d5 exd5 24. Qg5 d4 25. Nxd4 Nxd4 26. Bxd4 Qf8 27. Bxg7 Qxg7 28. Qd8+ Qf8 29. Qxd7 Kg7 30. e5 Nc2
31. e6
1-0

[Event "Swiss System, Round 2"]
[Site "SchemingMind.com"]
[Date "2012.10.19"]
[Round "2"]
[White "Daryl Fouard"]
[Black "Phillip Beckett"]
[Result "0-1"]
[WhiteCountry "USA"]
[BlackCountry "ENG"]
[WhiteElo "1796"]
[WhiteRD "75"]
[BlackElo "1628"]
[BlackRD "47"]
[GameID "319454"]

1. e4 e5 2. f4 Qh4+ 3. g3 Qe7 4. Nc3 exf4 5. d4 fxg3 6. Bg2 gxh2 7. Nf3 d5 8. Nxd5 Qxe4+ 9. Qe2 Qxe2+ 10. Kxe2 Bd6
11. Nxh2 Nc6 12. Nf3 Bg4 13. Be3 Nge7 14. Nc3 Nf5 15. d5 Ncd4+ 16. Bxd4 Nxd4+ 17. Kf2 Nxf3 18. Bxf3 Bxf3 19. Kxf3 O-O-O 20. Ne4 Be5
21. Ng5 Bxb2 22. Raf1 Rxd5 23. Nxf7 Rf5+ 24. Kg2 Rxf1 25. Rxf1 Re8 26. Rf2 Bf6 27. Nh6 Bd4 28. Rd2 gxh6 29. Rxd4 Rg8+ 30. Kh3 c5
31. Rc4 b6 32. Kh4 Kd7 33. Kh5 Rg6 34. Rf4 Re6 35. Rf7+ Re7 36. Rf8 a5 37. Rf6 Kc7 38. Rf2 Kc6 39. Kxh6 Kb5 40. Rd2 Kc4
41. Rd6 b5 42. Rd2 Kc3 43. Rd5 Kc4 44. Rd2 b4 45. Rf2 Rc7 46. Rf3 a4 47. Re3 Kb5 48. Rf3 Rd7 49. Rf2 Kc4
0-1

[Event "Swiss System, Round 2"]
[Site "SchemingMind.com"]
[Date "2012.10.19"]
[Round "2"]
[White "pengle"]
[Black "lennart"]
[Result "1-0"]
[WhiteCountry "USA"]
[BlackCountry "SWE"]
[WhiteElo "1779"]
[WhiteRD "83"]
[BlackElo "1502"]
[BlackRD "54"]
[GameID "319456"]

1. c4 e5 2. e3 Nc6 3. Nc3 a6 4. Nf3 Nf6 5. d4 exd4 6. Nxd4 Nxd4 7. exd4 h6 8. Be2 c6 9. O-O Bd6 10. g3 O-O
11. b3 Be7 12. Re1 b5 13. Bf3 Rb8 14. Bf4 Rb7 15. Qd2 Re8 16. Ne4 Nxe4 17. Bxe4 a5 18. Qd3 Bg5 19. Bxg5 hxg5 20. Re3 Kf8
21. Rae1 d5 22. cxd5 Rbe7 23. dxc6 Ba6 24. Qd2 b4 25. d5 Qd6 26. Bf3 Bc8 27. Rxe7 Rxe7 28. Rxe7 Qxe7 29. d6
1-0

[Event "Swiss System, Round 2"]
[Site "SchemingMind.com"]
[Date "2012.11.04"]
[Round "2"]
[White "VLNT_1"]
[Black "gavrilo2"]
[Result "0-1"]
[WhiteCountry "USA"]
[BlackCountry "IRL"]
[WhiteElo "1308"]
[WhiteRD "81"]
[BlackElo "1809"]
[BlackRD "96"]
[GameID "320495"]

1. Nc3 e5 2. b3 d5 3. Bb2 Nc6 4. e3 Nf6 5. d4 exd4 6. exd4 Bb4 7. a3 Ba5 8. b4 Bb6 9. Qd3 Nxd4 10. Na4 Bf5
11. Qe3+ Ne6 12. Qg3 Bxc2 13. Nc3 d4 14. Nb5 Ne4 15. Qf3 N6g5 16. Qf4 O-O 17. Rc1 d3 18. Bxd3 Bxf2+ 19. Ke2 Qxd3#
0-1

[Event "Swiss System, Round 2"]
[Site "SchemingMind.com"]
[Date "2012.11.02"]
[Round "2"]
[White "littleboo"]
[Black "spoke"]
[Result "1-0"]
[WhiteCountry "USA"]
[BlackCountry "GER"]
[WhiteElo "2199"]
[WhiteRD "76"]
[BlackElo "1780"]
[BlackRD "68"]
[GameID "320496"]

1. e4 e5 2. Nc3 Nf6 3. Nf3 Nc6 4. Bb5 Bb4 5. O-O O-O 6. a3 Ba5 7. d3 d6 8. Be3 a6 9. Bc4 Bg4 10. h3 Bh5
11. Nd5 h6 12. g4 Bg6 13. Nxf6+ Qxf6 14. g5 Qe7 15. gxh6 Nd4 16. Nxd4 exd4 17. Qg4 dxe3 18. Qxg6 Qf6 19. Qxf6 gxf6 20. fxe3 Bb6
21. Rae1 Kh7 22. Rxf6 Rg8+ 23. Kh2 Rg6 24. Rxf7+ Kxh6 25. Rf4
1-0

[Event "Swiss System, Round 3"]
[Site "SchemingMind.com"]
[Date "2012.11.29"]
[Round "3"]
[White "ampp"]
[Black "jpetric"]
[Result "0-1"]
[WhiteCountry "POR"]
[BlackCountry "USA"]
[WhiteElo "1280"]
[WhiteRD "81"]
[BlackElo "1523"]
[BlackRD "80"]
[GameID "322244"]

1. d4 d5 2. c4 Nf6 3. Nc3 c6 4. Nf3 Bf5 5. e3 e6 6. cxd5 exd5 7. Ne5 Nbd7 8. Nxd7 Qxd7 9. Bd3 Bb4 10. Bxf5 Qxf5
11. O-O Bd6 12. h3 O-O 13. Re1 Rfe8 14. a3 b6 15. Bd2 c5 16. dxc5 bxc5 17. Nb5 Qe5 18. Nxd6 Qxd6 19. b4 Ne4 20. bxc5 Qxc5
21. Bb4 Qb6 22. Qxd5 Rad8 23. Qa2 a5 24. Bc3 Nxc3 25. Qc2 Rc8 26. Qf5 Rc5 27. Qd3 Rd8 28. Qf1 Nd5 29. Rab1 Qd6 30. Red1 Qf6
31. e4 Nc3 32. Rxd8+ Qxd8 33. Rc1 Qd2 34. Re1 Rc4 35. e5 Ra4 36. Kh2 Rxa3 37. e6 fxe6 38. Rxe6 Qf4+ 39. Kg1 Qf7 40. Qe1 h6
41. Re8+ Kh7 42. Re7 Qa2 43. Kh2 Qb1 44. Qe6 Qb8+ 45. g3 Qf8 46. Rf7 Qc5 47. Rf5 Qd4 48. Rf4 Qd5 49. Qe7 Ra1 50. f3 Qd2+
0-1

[Event "Swiss System, Round 3"]
[Site "SchemingMind.com"]
[Date "2012.11.30"]
[Round "3"]
[White "Haratta"]
[Black "Clem"]
[Result "1-0"]
[WhiteCountry "SWE"]
[BlackCountry "USA"]
[WhiteElo "1612"]
[WhiteRD "78"]
[BlackElo "1485"]
[BlackRD "65"]
[GameID "322245"]

1. e4 e5 2. Nf3 Nc6 3. Bb5 Nf6 4. O-O Nxe4 5. d4 a6 6. Ba4 b5 7. Bb3 exd4 8. Re1 d5 9. Nxd4 Be7 10. Nxc6 Qd6
11. Bxd5 O-O 12. Nxe7+ Qxe7 13. Bxa8 f5 14. f3 Qc5+ 15. Be3
1-0

[Event "Swiss System, Round 3"]
[Site "SchemingMind.com"]
[Date "2012.11.29"]
[Round "3"]
[White "James Reed"]
[Black "kynoceros"]
[Result "1-0"]
[WhiteCountry "ENG"]
[BlackCountry "USA"]
[WhiteElo "1488"]
[WhiteRD "63"]
[BlackElo "1344"]
[BlackRD "97"]
[GameID "322246"]

1. e4 e5 2. Nf3 d6 3. d4 Nc6 4. Bb5 Bd7 5. Nc3 Nf6 6. O-O Be7 7. Re1 O-O 8. Bxc6 Bxc6 9. dxe5 dxe5 10. Qxd8 Raxd8
11. Bg5 h6 12. Bxf6 Bxf6 13. h3 Rfe8 14. a3 a5 15. b4 axb4 16. axb4 Bd7 17. Nd5 Be7 18. Red1 Bc6 19. Nxc7 Rxd1+ 20. Rxd1 Rc8
21. Nd5 Bxd5 22. exd5 Bxb4 23. d6 e4 24. d7 Rd8 25. Ne5 f6 26. Nc4 Kf7 27. Nb6 Ke6 28. Rd4 Bc5 29. Rxe4+ Kd6 30. Na4 Ba7
31. c4 Kxd7 32. c5 Kc6 33. Re7 Kb5 34. Rxb7+ Kxa4 35. Rxa7+ Kb5 36. Rxg7 Kxc5 37. Rg6
1-0

[Event "Swiss System, Round 3"]
[Site "SchemingMind.com"]
[Date "2012.12.03"]
[Round "3"]
[White "Andreas Flato"]
[Black "lawyertheologian"]
[Result "0-1"]
[WhiteCountry "GER"]
[BlackCountry "USA"]
[WhiteElo "1812"]
[WhiteRD "87"]
[BlackElo "2084"]
[BlackRD "86"]
[GameID "322397"]

1. e4 Nf6 2. Nc3 d5 3. exd5 Nxd5 4. Bc4 Nb6 5. Bb3 Nc6 6. Nf3 Bf5 7. O-O e6 8. d4 Be7 9. Bf4 O-O 10. d5 exd5
11. Nxd5 Nxd5 12. Qxd5 Qxd5 13. Bxd5 Nb4 14. Bb3 c6 15. Rac1 Rad8 16. a3 Nd5 17. Bg3 Bf6 18. c3 Rfe8 19. Rfe1 Be4 20. h3 g6
21. Bh4 Bxh4 22. Nxh4 Nf4 23. Rcd1 Nd3 24. Re2 Nf4 25. Ree1 Bd5 26. Bxd5 Nxd5 27. Kf1 Kg7 28. g3 Kf6 29. Rxe8 Rxe8 30. Rd2 Nb6
31. b3 a5 32. a4 Nd5 33. Rd3 Nc7 34. c4= Ne6 35. Ng2 Nc5 36. Rf3+ Ke7 37. Ke2 f5 38. g4 fxg4 39. hxg4 Kd6+ 40. Kd2 Re4
0-1

[Event "Swiss System, Round 3"]
[Site "SchemingMind.com"]
[Date "2012.12.05"]
[Round "3"]
[White "thefriediceman"]
[Black "pengle"]
[Result "1-0"]
[WhiteCountry "USA"]
[BlackCountry "USA"]
[WhiteElo "1967"]
[WhiteRD "87"]
[BlackElo "1776"]
[BlackRD "81"]
[GameID "322398"]

1. e4 c5 2. Nc3 e6 3. g3 d6 4. Bg2 Nc6 5. d3 Be7 6. Be3 Nf6 7. Nge2 O-O 8. h3 e5 9. O-O Nd4 10. f4 exf4
11. Nxf4 Rb8 12. Nfd5 b6 13. Nxe7+ Qxe7 14. Bg5 Qe5 15. Bxf6 gxf6 16. g4 Re8 17. Nd5 Kh8 18. c3 Nc6 19. Rxf6 Nd8 20. Qf3 Qg5
21. Rxd6 Be6 22. Qf6+ Qxf6 23. Nxf6 Re7 24. e5 Nb7 25. Bxb7 Rexb7 26. a3 a5 27. Rc1 Re7 28. d4 Rc7 29. d5 Bc8 30. Rd8+ Kg7
31. Rg8+
1-0

[Event "Swiss System, Round 3"]
[Site "SchemingMind.com"]
[Date "2012.12.02"]
[Round "3"]
[White "gavrilo2"]
[Black "flammablepawn"]
[Result "0-1"]
[WhiteCountry "IRL"]
[BlackCountry "USA"]
[WhiteElo "1753"]
[WhiteRD "93"]
[BlackElo "1873"]
[BlackRD "93"]
[GameID "322399"]

1. e4 e6 2. d4 d5 3. e5 c5 4. c3 Nc6 5. Nf3 Qb6 6. Bd3 Bd7 7. dxc5 Bxc5 8. O-O Nh6 9. Qc2 Ng4 10. Bf4 h5
11. h3 Nh6 12. b4 Be7 13. a4 Rc8 14. Nbd2 Nxb4 15. Qb1 Nxd3 16. Qxd3 Qc5 17. Rfc1 a6 18. Be3 Qc7 19. c4 dxc4 20. Nxc4 Qb8
21. Nb6 Rd8 22. Nxd7 Rxd7 23. Qe4 Nf5 24. Bb6 O-O 25. Kh1 Rc8 26. Rg1 Rc6 27. g4 hxg4 28. hxg4 Rxb6 29. gxf5 exf5 30. Qxf5 Rh6+
31. Nh2 Rd5 32. f4 Rd2 33. Rg2 Qd8 34. Rag1 Qd5 35. Qc8+ Bf8 36. a5 Rd3 37. Rf1 Rd2 38. Rg1 Rxg2 39. Rxg2 Qd1+ 40. Rg1 Qf3+
41. Rg2 Qf1+ 42. Rg1 Qxf4 43. Rg2 Qxe5 44. Qc1 Rc6 45. Qb1 Rh6 46. Qc1 Rh5 47. Kg1 Bc5+ 48. Kh1 Bd6 49. Qc8+ Kh7 50. Qc2+ g6
0-1